Lara Croft é a Tomb Raider (Registo nº 3884)

Detalhes MARC
000 -Etiqueta do registo
Cabeçalho 00803nam0a2200265 4500
005 - Identificador da versão
Campo de controlo 20240813122046.0
010 ## - Número internacional normalizado dos livros (ISBN)
Número (ISBN) 9895590199
021 ## - Número do Depósito Legal
Código do país PT
Número 199514/03
100 ## - Dados gerais de processamento
Dados gerais de processamento 20170504d2003 ma y0pory5003 ba
102 ## - Pais de publicação ou produção
País de publicação Portugal
101 1# - Língua de publicação
Língua do texto, banda sonora, etc. Português
Língua do documento no original Inglês
215 ## - Descrição física 
Indicação específica da natureza do documento e extensão da espécie [48] p.
Outras indicações físicas todo il. color
200 1# - Titulo e menção de responsabilidade
Título próprio Lara Croft é a Tomb Raider
Primeira menção de responsabilidade dir. José de Freitas
Outras menções de responsabilidade trad. Beatriz Pereira
225 1# - Colecção 
Título próprio da colecção Top cow
Nome de uma parte ou secção Tomb Raider
Indicação de volume 1
210 ## - Publicação, Distribuição, etc. 
Lugar da edição, distribuição, etc. Lisboa
Nome do editor, distribuidor, etc. Devir
Data da publicação, distribuição, etc. D.L. 2003
517 1# - Outras variantes do título
Variant Title Feitiçaria e dinossauros
606 ## - Nome comum usado como assunto
Número de registo de entrada de autoridade 0001799
Palavra de ordem Literatura americana
Subdivisão de assunto Banda desenhada
Código do sistema CA
675 ## - Classificação Decimal Universal (CDU)
Notação 821.111(73)(084.11)
Edição 3ª ed.
Língua da edição por
702 #1 - Nome de autor-pessoa física (responsabilidade secundária)
Número de registo de entrada de autoridade 0001826
Palavra de ordem Freitas
Outra parte do nome não tomada para palavra de ordem José de
Código de função Diretor / Director teatral / Realizador
Número de registo de entrada de autoridade 0000342
Palavra de ordem Pereira
Outra parte do nome não tomada para palavra de ordem Beatriz
Código de função Tradutor
966 ## - Identificação da Biblioteca
Sigla EBVEN
942 ## - Elementos de entrada adicionados (Koha)
Tipo de item no Koha Livro
Exemplares
Situação do levantamento Origin of item (home branch) (coded) Biblioteca de empréstimo Código de barras Cota Circulation type (not for loan) Tipo de documento Nota do exemplar Damaged status
  Biblioteca Escolar das Vendas Biblioteca Escolar das Vendas BEV1789 8BD TOM   Livro Sem mensagem